LEADER 00816nam a2200193 i 4500 001 000000242409 003 CaOOAMICUS 005 20150604000000.0 008 150604s1762 it u000 u fre u 013 $a221314 026 $alar- sto- 2.n- (aqu (3) 1762 (R) 040 $aSeMil$bita 245 10$aTome 4. 300 $a[4], 540, [2] p. 500 $aSegn. : pg2 A-2Y12 2Z6. 773 0 $aThiébault, Martin-François <1749-1795>$tHomélies sur les Évangiles de tous les Dimanches et principales fêtes de l'année. Par M. Thiébaud ... Tome 1. [-4.].$dA Metz : Chez Joseph Collignon, imprimeur du Roi & de l'Evêché, à la Bible d'Or, 1762.$g4$w()31982 850 $aSeMil 852 $aSeMil$W1$xVenegono$y1$m3F II 88 FA$j192755$B192755$CSeMilBibl$Z2$F203558 $8I 996 $6245$aTome 4$9(OLS)http://semarc/title/1585 LEADER 01663nam a2200337 i 4500 001 000000062438 003 CaOOAMICUS 005 20110512000000.0 008 110512s1991 it u000 u ita u 013 $a33610 020 $a88-384-1638-9 040 $aSeMil$bita 245 12$aL'esegesi cristiana oggi /$cIgnace de La Potterie ... [et al.] ; editoriale di Luciano Pacomio. 260 $aCasale Monferrato :$bPiemme,$c1991. 300 $a285 p. ;$c24 cm. 500 $aFondo Card. C.M. Martini. 650 4$aBibbia - Interpretazione.$0(OLS)http://semarc/subject/1295 700 1 $aLa Potterie, Ignace : de,$c.$0(OLS)http://semarc/name/7296 700 1 $aPacomio, Luciano,$c.$0(OLS)http://semarc/name/648 774 0 $aLa Potterie, Ignace : de $tConcilio Vaticano 2. e la Bibbia ; L'esegesi biblica, scienza della fede.$w()297781 774 0 $aGuardini, Romano <1885-1968>$tSacra scrittura e scienza della fede.$w()297782 774 0 $aBenedictus XVI $tInterpretazione biblica in conflitto.$w()297783 774 0 $aColombo, Giuseppe $tIntorno all'esegesi scientifica.$w()297784 774 0 $aBianchi, Enzo <1943- >$tLettura spirituale della scrittura oggi.$w()297785 850 $aSeMil 852 $aSeMil$W1$xVenegono$y1$m2W V 231 °$j28591$B28591$CSeMilBibl$Z2$F28594 $81 941 1 $a4 961 $aOmaggio: Martini Card. Carlo Maria 996 $6020$a88-384-1638-9$9(OLS)http://semarc/number/38984 996 $6245$aL'esegesi cristiana oggi$9(OLS)http://semarc/title/98280 996 $6260$aCasale Monferrato :$bPiemme$9(OLS)http://semarc/publisher/29798 LEADER 00899nam a2200193 i 4500 001 000000234405 003 CaOOAMICUS 005 20141014000000.0 008 141014s1795 it u000 u ita u 013 $a213308 026 $a3.le neS. e,ti Rode (3) 1795 (R) 040 $aSeMil$bita 245 10$aTomo 14. 300 $axv, [1], 488 p. 500 $aSegn. : *8 A-2F8 2G12. 773 0 $aBérault Bercastel, Antoine Henri : de <1722-1794>$tStoria del cristianesimo dell'abate di Berault-Bercastel canonico della Chiesa di Noyon recata dalla francese nell'italiana favella da Francesco Zacchiroli con dissertazioni e note dell'abate Giambattista Zugno. Tomo 1. [-28.].$dVenezia : Presso Antonio Fortunato Stella, 1793-1800.$g14$w()30698 850 $aSeMil 852 $aSeMil$W1$xVenegono$y1$m3A II 14 FA$j184751$B184751$CSeMilBibl$Z2$F195742 $8I 996 $6245$aTomo 14$9(OLS)http://semarc/title/296686